000 01876nam a2200337 a 4500
001 BRCA_3190
005 20190320204144.0
008 160209s1700----enka---###---#000-0#eng-u
041 _aeng
044 _aenk
084 _a491
_b.B83
_c1700
100 1 _aCervantes Saavedra, Miguel de
_d1547-1616
_9213
245 1 0 _aThe History of the Renowned Don Quixote de la Mancha
_cWritten in Spanish by Miguel de Cervantes Saavedra.
260 _aLondres
_bSam Buckley
_c1700
300 _a4 v.
_bil.
_c17 cm.
_eláminas plegables
500 _aContenido : v 1. Primera parte. Dedicatoria del traductor. Prefacio del traductor. Prólogo del autor. Texto. -- v 2. Primera parte. Dedicatoria del traductor. Texto. -- v 3. Segunda parte. Dedicatoria del traductor. Prólogo del autor. Texto. -- v 4. Texto
500 _aEdición : Traslated from the Original by several hands and publish by Peter Motteux servent to his Majesty. Adorn´d with sculptures. Nullum ingenium sine mixtura demetiae
500 _aPrimera traducción de Motteux. A pesar de abreviar algunos pasajes y de apartarse algunas veces del original, por su elegante estilo y fino lenguaje, es la versión de Motteux muy superior a las de Shelton y Phillips. Piel; lomeras decoradas con dorados Lúdovik Osterc
500 _aEstado físico : El volumen dos de esta edición presenta la cubierta desprendida
500 _aCon ex-libris de : Rolle
500 _aQM403
546 _aTexto en : inglés
650 1 4 _aNovela española
_yÉpoca clásica, 1500-1700
_9215
650 1 4 _aLiteratura española
_yÉpoca clásica, 1500-1700
_9216
650 1 4 _aNovela española
_ySiglo XVII
_9217
650 1 4 _aDon Quijote (Personaje ficticio)
_eNovela
_9218
700 1 _aMotteux, Peter Anthony
_d1663-1718
_eTraductor
_98562
740 0 _aEl Ingenioso Hidalgo Don Quijote de la Mancha
902 _aQFM
942 _2lcc
_cB
999 _c2926
_d2926